Auditor`s Ethics and Current Changes in Code of Ethics IFAC

Revidovaný Etický kódex IFAC pod rozšíreným názvom Medzinárodný etický kódex pre účtovných odborníkov vrátane medzinárodných štandardov pre nezávislosť. Ciele revidovaného Etického kódexu. Zdôraznenie postupu správania audítora v koncepčnom rámci. Prepojenie etických princípov uplatňovania profesio...

Descripción completa

Guardado en:
Detalles Bibliográficos
Autor principal: Domaracká, Denisa
Formato: Capítulo de libro
Lenguaje:eslovaco
Materias:
Etiquetas: Agregar Etiqueta
Sin Etiquetas, Sea el primero en etiquetar este registro!

MARC

LEADER 00000naa$a2200000$$$4500
001 0258541
005 20240502074107.2
041 0 |a slo 
044 |a SK 
245 1 0 |a Auditor`s Ethics and Current Changes in Code of Ethics IFAC  |c Denisa Domaracká 
520 |a Revidovaný Etický kódex IFAC pod rozšíreným názvom Medzinárodný etický kódex pre účtovných odborníkov vrátane medzinárodných štandardov pre nezávislosť. Ciele revidovaného Etického kódexu. Zdôraznenie postupu správania audítora v koncepčnom rámci. Prepojenie etických princípov uplatňovania profesionálneho skepticizmu. 
610 2 0 |a štandardy medzinárodné 
610 2 0 |a audit 
610 2 0 |a audítori 
610 2 0 |a kódexy etické 
100 1 |a Domaracká, Denisa